000 00586nam a2200181 i 4500
001 109467
003 ES-MaACL
005 20230906184840.0
007 t|
008 061121s1957 dk r ||||1| eng d
100 1 _aMitchell, P. M.
_981681
245 1 0 _aA history of Danish Literature /
_cby P. M. Mitchell; with an introductory chapter by Mogens Haugsted.
260 _aCopenhague :
_bGyldendal,
_c1957.
300 _a321 p., 22 lám. ;
_c24 cm.
650 4 _aLiteratura danesa-
_xHistoria y crítica.
_9157227
700 1 _aHaugsted, Mogens.
_962088
852 _aES-MaACL
_jC-14187
999 _c109467
_d109467